<?xml version="1.0" encoding="UTF-8"?><?xml-stylesheet type="text/xsl" href="static/style.xsl"?><OAI-PMH xmlns="http://www.openarchives.org/OAI/2.0/" xmlns:xsi="http://www.w3.org/2001/XMLSchema-instance" xsi:schemaLocation="http://www.openarchives.org/OAI/2.0/ http://www.openarchives.org/OAI/2.0/OAI-PMH.xsd"><responseDate>2026-06-07T19:59:47Z</responseDate><request verb="GetRecord" identifier="oai:docta.ucm.es:20.500.14352/97919" metadataPrefix="marc">https://docta.ucm.es/rest/oai/request</request><GetRecord><record><header><identifier>oai:docta.ucm.es:20.500.14352/97919</identifier><datestamp>2025-09-06T00:14:47Z</datestamp><setSpec>com_20.500.14352_14</setSpec><setSpec>col_20.500.14352_15</setSpec></header><metadata><record xmlns="http://www.loc.gov/MARC21/slim" xmlns:dcterms="http://purl.org/dc/terms/" xmlns:xsi="http://www.w3.org/2001/XMLSchema-instance" xmlns:doc="http://www.lyncode.com/xoai" xsi:schemaLocation="http://www.loc.gov/MARC21/slim http://www.loc.gov/standards/marcxml/schema/MARC21slim.xsd">
   <leader>00925njm 22002777a 4500</leader>
   <datafield ind2=" " ind1=" " tag="042">
      <subfield code="a">dc</subfield>
   </datafield>
   <datafield ind2=" " ind1=" " tag="720">
      <subfield code="a">Garutti Martínez, Ignacio</subfield>
      <subfield code="e">author</subfield>
   </datafield>
   <datafield ind2=" " ind1=" " tag="720">
      <subfield code="a">Puente Maestu, Luis</subfield>
      <subfield code="e">author</subfield>
   </datafield>
   <datafield ind2=" " ind1=" " tag="720">
      <subfield code="a">Laso, Juan</subfield>
      <subfield code="e">author</subfield>
   </datafield>
   <datafield ind2=" " ind1=" " tag="720">
      <subfield code="a">Sevilla, Raul</subfield>
      <subfield code="e">author</subfield>
   </datafield>
   <datafield ind2=" " ind1=" " tag="720">
      <subfield code="a">Ferrando, A</subfield>
      <subfield code="e">author</subfield>
   </datafield>
   <datafield ind2=" " ind1=" " tag="720">
      <subfield code="a">Frias, Isabel</subfield>
      <subfield code="e">author</subfield>
   </datafield>
   <datafield ind2=" " ind1=" " tag="720">
      <subfield code="a">Reyes Palomares, Armando Adolfo</subfield>
      <subfield code="e">author</subfield>
   </datafield>
   <datafield ind2=" " ind1=" " tag="720">
      <subfield code="a">Ojeda, Elena</subfield>
      <subfield code="e">author</subfield>
   </datafield>
   <datafield ind2=" " ind1=" " tag="720">
      <subfield code="a">González Aragoneses, Federico</subfield>
      <subfield code="e">author</subfield>
   </datafield>
   <datafield ind2=" " ind1=" " tag="260">
      <subfield code="c">2014</subfield>
   </datafield>
   <datafield ind2=" " ind1=" " tag="520">
      <subfield code="a">Background: Postoperative continuous positive airway pressure (CPAP) can improve lung function. The aim of our study was to assess the efficacy of prophylactic CPAP on the Pa(O2)/FI(O2) ratio measured the day after surgery in patients undergoing lung resection surgery (LRS).

Methods: The study population comprised 110 patients undergoing LRS. On arrival in the postanaesthesia care unit (PACU), patients were randomized to receive CPAP at 5-7 cm H2O during the first 6 h after surgery (CPAP group) or supplemental oxygen through a Venturi mask (Venturi group). The Pa(O2)/FI(O2) ratio was measured on arrival in the PACU, 7 h after admission, and the day after surgery. The Pa(O2)/FI(O2) ratio is the primary endpoint of our study. We also analysed the chest radiograph and assessed the postoperative course. We then analysed the impact of ventilatory management in the PACU depending on the respiratory risk of the patient.

Results: Baseline characteristics were similar in both groups. Patients who received CPAP had significantly higher Pa(O2)/FI(O2) at 24 h after surgery compared with patients managed conventionally (Venturi group) (48.6±14 vs 42.3±12, P=0.031), but there were no differences at 7 h. On subgroup analysis, we found that the benefits of CPAP were greater in higher risk patients. The incidence of postoperative pulmonary complications and stay in the PACU and hospital were similar in both groups.

Conclusions: In patients undergoing LRS, prophylactic CPAP during the first 6 h after surgery with a pressure of 5-7 cm H2O improved the Pa(O2)/FI(O2) ratio at 24 h. This effect was more evident in patients with increased risk of postoperative pulmonary complications.</subfield>
   </datafield>
   <datafield ind1="8" ind2=" " tag="024">
      <subfield code="a">Garutti I, Puente-Maestu L, Laso J, Sevilla R, Ferrando A, Frias I, Reyes A, Ojeda E, Gónzalez-Aragoneses F. Comparison of gas exchange after lung resection with a Boussignac CPAP or Venturi mask. Br J Anaesth. 2014 May;112(5):929-35. doi: 10.1093/bja/aet477. Epub 2014 Feb 3.</subfield>
   </datafield>
   <datafield ind1="8" ind2=" " tag="024">
      <subfield code="a">0007-0912</subfield>
   </datafield>
   <datafield ind1="8" ind2=" " tag="024">
      <subfield code="a">10.1093/bja/aet477</subfield>
   </datafield>
   <datafield ind1="8" ind2=" " tag="024">
      <subfield code="a">https://hdl.handle.net/20.500.14352/97919</subfield>
   </datafield>
   <datafield ind1="8" ind2=" " tag="024">
      <subfield code="a">1471-6771</subfield>
   </datafield>
   <datafield ind1="8" ind2=" " tag="024">
      <subfield code="a">https://doi.org/10.1093/bja/aet477</subfield>
   </datafield>
   <datafield ind2="0" ind1="0" tag="245">
      <subfield code="a">Comparison of gas exchange after lung resection with a Boussignac CPAP or Venturi mask</subfield>
   </datafield>
</record></metadata></record></GetRecord></OAI-PMH>